000 00435nam a2200157Ia 4500
008 250916s9999 xx 000 0 und d
020 _a978-3-031-00310-3
082 _a612.823 PAL
100 _aPalm, Gunther
245 0 _aNeural assemblies:
_ban alternative approach to classical artificial intelligence
250 _a2nd
260 _aNew York:
_bSpringer,
_c2022
300 _a259 p.
600 _aComputer Science
942 _cBK
999 _c31589
_d31589